| 000 | 00579nam a2200217Ia 4500 | ||
|---|---|---|---|
| 003 | IIN | ||
| 005 | 20250430124119.0 | ||
| 008 | 231217s9999 xx acd 000 0 eng d | ||
| 020 |
_cRs.795.00 _a9788194523475 |
||
| 040 |
_aIIN _bEnglish |
||
| 082 |
_a610.73 _bTHR |
||
| 100 | 1 | _aThresyamma, C.P. | |
| 245 | 1 |
_aEssentials of Basic Nursing Procedures/ _cC.P. Thresyamma |
|
| 250 | _a2nd ed | ||
| 260 |
_bCBS _aNew Delhi _c2021 |
||
| 300 | _axvi [3] 4-999 p. | ||
| 650 | 1 |
_aFoundation _vNursing |
|
| 650 | 1 |
_aFundamentals _vNursing |
|
| 650 | 1 | _aNursing Procedures | |
| 942 | _cBOOK | ||
| 999 |
_c279 _d279 |
||